000 00916nas a2200289 4500
001 BR9900021
003 BR-BrBNA
005 20231205101148.0
007 ta
008 230509b bl.|||p| |||| 00| 00por d
040 _aBR-BrBNA
_bpor
_cBiblioteca Nacional de Agricultura
041 _a(Pt)
072 _aF60
100 1 _aBeltrao, N.E. de M.
100 1 _aAzevedo, D.M.P. de
100 1 _aNobrega, L.B. da
100 1 _aSantos, J.W. dos
245 1 _aModificacoes no crescimento e desenvolvimento do algodoeiro herbaceo sob saturacao hidrica do substrato em casa de vegetacao
650 _aAlgodao Herbaceo
650 _aCrescimento
650 _aSubstrato de Cultura
650 _aEstufa
650 _aFolha
773 0 _tPesquisa Agropecuaria Brasileira (Brazil)
_xISSN 0100-204X
_g(Jul 1997), v. 32(7) p. 701-708
_wBR9900021
909 _a202311
_bLúcia
_c55
_dLúcia Elande
942 _2AGRIS
_n0
_cANA
999 _c160137
_d160137